| 000 | 00939cam a22002895a 4500 | ||
|---|---|---|---|
| 001 | 18617463 | ||
| 005 | 20171026143331.0 | ||
| 008 | 150514s2016 e frb 001 0 eng d | ||
| 010 | _a 2015941376 | ||
| 020 | _a9780198708919 (pbk.) | ||
| 040 |
_aDLC _beng _cDLC _dEG-ScBUE |
||
| 082 | 0 | 4 |
_a355.03 _bSTR _222 |
| 245 | 0 | 0 |
_aStrategy in the contemporary world : _ban introduction to strategic studies / _cedited by John Baylis, James J. Wirtz, Colin S. Gray. |
| 250 | _a5th ed. | ||
| 260 |
_aOxford : _bOxford University Press, _c2016. |
||
| 300 |
_axxiii, 429 p. ; _c24 cm. |
||
| 504 | _aIncludes bibliographical references and index. | ||
| 650 | 7 |
_aStrategy. _2BUEsh |
|
| 650 | 7 |
_aMilitary policy. _2BUEsh |
|
| 651 | _2BUEsh | ||
| 653 |
_bBUSBOL _cOctober2017 |
||
| 655 |
_vText book _933728 |
||
| 700 | 1 |
_aBaylis, John, _eeditor. |
|
| 700 | 1 |
_aWirtz, James J., _eeditor. |
|
| 700 | 1 |
_aGray, Colin S., _eeditor. |
|
| 942 | _2ddc | ||
| 999 |
_c25508 _d25480 |
||